|
|
|
|
| LEADER |
01079nam a2200253 a 4500 |
| 001 |
16296939 |
| 008 |
120216s2009 cauabd b 001 0 eng d |
| 010 |
|
|
|a 2010294552
|
| 020 |
|
|
|a 9780970601988 (hbk.)
|
| 020 |
|
|
|a 0970601980 (hbk.)
|
| 040 |
|
|
|a BTCTA
|c BTCTA
|d VA@
|d YDXCP
|d MUU
|d DMZ
|d ORX
|d DEBBG
|d DLC
|d BD-DhAAL
|
| 082 |
0 |
4 |
|a 001.4226
|2 22
|
| 100 |
1 |
|
|a Few, Stephen.
|
| 245 |
1 |
0 |
|a Now you see it :
|b simple visualization techniques for quantitative analysis /
|c Stephen Few.
|
| 260 |
|
|
|a Oakland, Calif. :
|b Analytics Press,
|c c2009.
|
| 300 |
|
|
|a xi, 327 p. :
|b ill. (some col.), col. maps, charts ;
|c 29 cm.
|
| 504 |
|
|
|a Includes bibliographical references (p. [319]-321) and index.
|
| 541 |
|
|
|e 00024501
|
| 650 |
|
0 |
|a Information visualization.
|
| 650 |
|
0 |
|a Quantitative research.
|
| 650 |
|
0 |
|a Statistics.
|
| 852 |
1 |
|
|a Ayesha Abed Library
|c General shelf.
|
| 999 |
|
|
|c 11895
|d 11895
|
| 952 |
|
|
|0 0
|1 0
|4 0
|6 001_422600000000000_FEW
|7 0
|9 19446
|a BRACUL
|b BRACUL
|c GEN
|d 2012-02-16
|e Trim Education
|g 4950.00
|l 2
|m 31
|o 001.4226 FEW
|p 3010024501
|r 2025-05-12
|s 2024-09-04
|t 1
|w 2012-02-16
|y BK
|x Available
|